Development economics-nature and significance (Record no. 42054)

MARC details
000 -LEADER
fixed length control field 00336nam a2200121Ia 4500
020 ## - INTERNATIONAL STANDARD BOOK NUMBER
ISBN 0761996281
082 ## - DEWEY DECIMAL CLASSIFICATION NUMBER
Classification number 330.34
Item number NAQ
100 ## - MAIN ENTRY--AUTHOR NAME
Personal name Naqvi, Syed Nawab Haider
245 #0 - TITLE STATEMENT
Title Development economics-nature and significance
260 ## - PUBLICATION, DISTRIBUTION, ETC. (IMPRINT)
Place of publication New Delhi
Name of publisher Sage Publications
Year of publication 2002
942 ## - ADDED ENTRY ELEMENTS (KOHA)
Koha item type Books
Holdings
Withdrawn status Lost status Damaged status Not for loan Home library Current library Date acquired Cost, normal purchase price Full call number Accession Number Koha item type
        RRII Library RRII Library 16/12/2021 450.00 330.34 NAQ 22333 Books